|
|
|
|
| LEADER |
01695nam a2200421 a 4500 |
| 001 |
000018072 |
| 003 |
CZ BrMZK |
| 005 |
20240808115919.0 |
| 007 |
ta |
| 008 |
950313s1994 xr f cze d |
| 015 |
|
|
|a cnb000092563
|
| 020 |
|
|
|a 80-901683-0-2
|q (brož.)
|
| 035 |
|
|
|a (OCoLC)34782538
|
| 040 |
|
|
|a ABA001
|b cze
|d BOA001
|
| 045 |
|
|
|a x9x9
|
| 080 |
|
|
|a 339.9
|2 undef
|
| 080 |
|
|
|a 327
|2 undef
|
| 080 |
|
|
|a 341.1
|2 undef
|
| 100 |
1 |
|
|a Tomášek, Michal,
|d 1963-
|7 jn20000402379
|4 aut
|
| 245 |
1 |
0 |
|a Statě o Evropské unii /
|c Michal Tomášek
|
| 250 |
|
|
|a 1. vyd.
|
| 260 |
|
|
|a Praha :
|b Codex,
|c 1994
|
| 300 |
|
|
|a 63 s. ;
|c 23 cm
|
| 500 |
|
|
|a Pozn.
|
| 500 |
|
|
|a Obálka Pavel Helísek
|
| 505 |
0 |
|
|a Evropa jako stát nebo nadstát -- Národnostní právo a národy nad právem -- Bariéry bezbariérové Evropy
|
| 653 |
0 |
|
|a Evropská unie
|a dělba pravomocí
|a ekonomická integrace
|a ekonomické bariéry
|a evropská integrace
|a evropské instituce
|a evropské právo
|a nadstát
|a společný trh
|
| 655 |
|
7 |
|a stati
|7 fd133586
|2 czenas
|
| 700 |
1 |
|
|a Helísek, Pavel,
|d 1945-
|7 jo2003197048
|4 art
|
| 740 |
0 |
2 |
|a Národnostní právo a národy nad právem
|
| 740 |
0 |
2 |
|a Bariéry bezbariérové Evropy
|
| 740 |
0 |
2 |
|a Evropa jako stát nebo nadstát
|
| 856 |
4 |
1 |
|u http://www.digitalniknihovna.cz/mzk/uuid/uuid:da88ee20-0f3e-11ee-91f1-5ef3fc9bb22f
|y Digitalizovaný dokument
|x NDK
|
| 910 |
|
|
|a BOA001
|b 2-1007.158
|b PK-0123.738
|
| 920 |
|
|
|a 000060352
|
| 990 |
|
|
|a BK
|
| 996 |
6 |
|
|b 2610018897
|c 2-1007.158
|l MZK
|r Sklad / do 1 hodiny
|n 24
|p p.v.
|w 000018072
|u 000010
|a 1
|e BOA001
|j MZK50
|s P
|
| 996 |
7 |
|
|b 3119973397
|c PK-0123.738
|l MZK
|r Sklad / do 1 hodiny
|n 11
|w 000018072
|u 000020
|a 1
|e BOA001
|j MZK50
|s A
|